| 000 | 01033nam0a22002651 4500 | ||
|---|---|---|---|
| 001 | v19\rc\1250589 | ||
| 005 | 20250618023106.0 | ||
| 035 | _a(NLR Aleph) 004451550 | ||
| 090 |
_a4475581 _c4475581 |
||
| 100 | _a20060306d1889 |||y0rusy50 ca | ||
| 101 | 0 | _arus | |
| 102 | _aRU | ||
| 105 | _ay z ||||| | ||
| 200 | 1 |
_aКлассификация душевных болезней Краффт Эбинга _aКлассификация, принятая обществом психиатров в С.-Петербурге в заседании 5 апреля 1886 года |
|
| 210 |
_a[Москва] _cтип. Т.И. Гаген _dценз. 1889 |
||
| 215 |
_a[2] л. _d35 |
||
| 309 | _aБез тит. л. и обл. | ||
| 309 | _aТекст на одной стороне листа | ||
| 700 | 1 |
_aКраффт-Эбинг _bР. _f1840-1902 _gРихард |
|
| 790 | 1 |
_aЭбинг _bР. _f1840-1902 _gРихард |
|
| 801 | 0 |
_aRU _bNLR _gpsbo |
|
| 801 | 1 |
_aRU _bProSoft-M _2rusmarc |
|
| 852 |
_aNLR _j18.308.1.326 |
||
| 942 | _cBOOK | ||
| 980 | _aNB | ||